000
00325pam a2200157a 44500
008
230405s1996 xxu||||| |||| 00| 0 eng d
041
_a
ENG
100
_a
Reg hamilton
245
_a
Mentoring
250
_a
1
260
_a
_b
Sterling
_c
1996
300
_a
120p,21cms
440
_a
95
690
_a
IMRDA
906
_a
1245
999
_c
254104
_d
254104